Most UEFA Champions League Wins By Clubs - Statistics

General Stats
  • This quiz has been taken 55 times
  • The average score is 21 of 30
Answer Stats
WIns Club % Correct
126 A.C Milan
100%
195 Barcelona
100%
160 Manchester United
100%
273 Real Madrid
100%
220 Bayern Munich
98%
96 Chelsea
98%
90 Inter Milan
98%
152 Juventus
98%
101 Arsenal
96%
134 Liverpool
96%
72 PSG
92%
55 Manchester City
88%
74 Atletico Madrid
83%
65 Lyon
83%
117 Porto
83%
110 Ajax
81%
118 Benfica
81%
78 Dortmund
77%
57 Valencia
73%
68 PSV
60%
102 Celtic
58%
62 Rangers
54%
57 Galatasaray
52%
68 Red Star Belgrade
40%
57 Shakhtar Donetsk
40%
71 Anderlecht
38%
66 Olympiacos
38%
60 Dinamo Zagreb
13%
101 Dinamo Kyiv
10%
58 Rosenborg
8%
No matching quizzes found
Score Distribution
Percent of People with Each Score
Percentile by Number Answered
Your Score History
You have not taken this quiz